| 000 | 00656nam a2200193 i 4500 | ||
|---|---|---|---|
| 001 | 30356 | ||
| 003 | ES-MaACL | ||
| 005 | 20250909200002.0 | ||
| 007 | t| | ||
| 008 | 030124s1948 sp ||||1| spa d | ||
| 100 | 1 |
_aBarrios Masero, M., _9235240 _d1892-1971 _eaut |
|
| 245 | 1 | 0 |
_aSevilla, lirio y clavel _b: (poesías) / _cManuel Barrios Masero ; prólogo de J. Romero Murube. |
| 260 |
_a[S.l. : _bs.n., _c1948] ( _eSevilla : _fArtes gráficas) |
||
| 300 |
_a135 p., 5 lám. : _bil. ; _c18 cm. |
||
| 700 | 1 |
_aRomero Murube, Joaquín, _d1904-1969 _999419 |
|
| 852 |
_aES-MaACL _jC-5033 _bR.25706 |
||
| 942 | _2udc | ||
| 999 |
_c30356 _d30356 |
||